Normal view MARC view
  • KUMAR, SANJEEV

Entry Personal Name

Number of records used in: 2

001 - CONTROL NUMBER

  • control field: 8618

003 - CONTROL NUMBER IDENTIFIER

  • control field: JRU

005 - DATE AND TIME OF LATEST TRANSACTION

  • control field: 20250411152212.0

008 - FIXED-LENGTH DATA ELEMENTS

  • fixed length control field: 250411|| aca||aabn | a|a d

040 ## - CATALOGING SOURCE

  • Original cataloging agency: JRU
  • Transcribing agency: JRU

100 ## - HEADING--PERSONAL NAME

  • Personal name: KUMAR, SANJEEV

670 ## - SOURCE DATA FOUND

  • Source citation: Work cat.: (JRU)8754: KUMAR, SANJEEV, DISEASES OF FIELD & HORTICULTURAL CROPS AND THEIR MANAGEMENT -II